Countries of the Whammies Quiz - Statistics

General Stats
  • This quiz has been taken 6 times
  • The average score is 155 of 190
Answers on the Map
Answers color-coded by a green-red scale on the quiz's map according to % correct below.
 
Answer Stats
Country % Correct
Afghanistan
100%
Algeria
100%
Andorra
100%
Angola
100%
Cameroon
100%
Canada
100%
Chad
100%
China
100%
Cuba
100%
Democratic Republic of the Congo
100%
Denmark
100%
Djibouti
100%
Dominican Republic
100%
Egypt
100%
Eritrea
100%
Ethiopia
100%
Finland
100%
France
100%
Greece
100%
Guatemala
100%
Haiti
100%
Honduras
100%
Iceland
100%
India
100%
Iran
100%
Iraq
100%
Ireland
100%
Jordan
100%
Kazakhstan
100%
Libya
100%
Madagascar
100%
Malawi
100%
Maldives
100%
Malta
100%
Mexico
100%
Mongolia
100%
Myanmar
100%
Nepal
100%
Niger
100%
Nigeria
100%
Norway
100%
Oman
100%
Pakistan
100%
Philippines
100%
Poland
100%
Portugal
100%
Republic of the Congo
100%
Russia
100%
Saudi Arabia
100%
Somalia
100%
South Africa
100%
South Sudan
100%
Spain
100%
Sudan
100%
Sweden
100%
United Arab Emirates
100%
United Kingdom
100%
Yemen
100%
Albania
80%
Argentina
80%
Australia
80%
Austria
80%
Bahamas
80%
Bahrain
80%
Bangladesh
80%
Barbados
80%
Belarus
80%
Belgium
80%
Belize
80%
Benin
80%
Bhutan
80%
Brazil
80%
Brunei
80%
Bulgaria
80%
Cambodia
80%
Cape Verde
80%
Colombia
80%
Comoros
80%
Croatia
80%
Cyprus
80%
Czech Republic
80%
Central African Republic
80%
Dominica
80%
El Salvador
80%
Equatorial Guinea
80%
Estonia
80%
Eswatini
80%
Gambia
80%
Georgia
80%
Germany
80%
Ghana
80%
Grenada
80%
Guinea
80%
Guinea-Bissau
80%
Hungary
80%
Indonesia
80%
Israel
80%
Italy
80%
Ivory Coast
80%
Jamaica
80%
Japan
80%
Kenya
80%
Kosovo
80%
Kuwait
80%
Kyrgyzstan
80%
Latvia
80%
Lebanon
80%
Lesotho
80%
Liberia
80%
Liechtenstein
80%
Lithuania
80%
Luxembourg
80%
Mali
80%
Mauritania
80%
Mauritius
80%
Moldova
80%
Monaco
80%
Morocco
80%
Mozambique
80%
Netherlands
80%
Nicaragua
80%
North Korea
80%
North Macedonia
80%
Qatar
80%
Rwanda
80%
Saint Lucia
80%
San Marino
80%
Senegal
80%
Seychelles
80%
Sierra Leone
80%
Slovakia
80%
Slovenia
80%
South Korea
80%
Sri Lanka
80%
Switzerland
80%
Syria
80%
Tajikistan
80%
Tanzania
80%
Thailand
80%
Togo
80%
Turkey
80%
Turkmenistan
80%
Uganda
80%
Ukraine
80%
United States
80%
Uzbekistan
80%
Vatican City
80%
Venezuela
80%
Vietnam
80%
Zambia
80%
Zimbabwe
80%
Armenia
60%
Azerbaijan
60%
Bolivia
60%
Botswana
60%
Burkina Faso
60%
Burundi
60%
Chile
60%
Costa Rica
60%
East Timor
60%
Ecuador
60%
Federated States of Micronesia
60%
Fiji
60%
Gabon
60%
Guyana
60%
Kiribati
60%
Laos
60%
Malaysia
60%
Montenegro
60%
Namibia
60%
Nauru
60%
New Zealand
60%
Palau
60%
Panama
60%
Papua New Guinea
60%
Paraguay
60%
Peru
60%
Romania
60%
Samoa
60%
Serbia
60%
Singapore
60%
Suriname
60%
Taiwan
60%
Tonga
60%
Tunisia
60%
Tuvalu
60%
Uruguay
60%
Vanuatu
60%
Marshall Islands
40%
Solomon Islands
40%
No matching quizzes found
Score Distribution
Percent of People with Each Score
Percentile by Number Answered
Your Score History
You have not taken this quiz